Gabon : Request for Purchase Under the Rapid Financing Instrument-Press Release; Staff Report; and Statement by the Executive Director for Gabon.

Since the approval of the first RFI request on April 9, 2020 (IMF Country Report No 20/109), weaker external demand and a more pronounced impact of containment measures have further deteriorated growth prospects and worsened external and fiscal positions. The authorities are requesting a purchase un...

Fuld beskrivelse

Bibliografiske detaljer
Institution som forfatter: International Monetary Fund. African Dept
Format: Tidsskrift
Sprog:English
Udgivet: Washington, D.C. : International Monetary Fund, 2020.
Serier:IMF Staff Country Reports; Country Report ; No. 2020/267
Online adgang:Full text available on IMF
LEADER 01777cas a2200241 a 4500
001 AALejournalIMF021203
008 230101c9999 xx r poo 0 0eng d
020 |c 5.00 USD 
020 |z 9781513554518 
022 |a 1934-7685 
040 |a BD-DhAAL  |c BD-DhAAL 
110 2 |a International Monetary Fund.  |b African Dept. 
245 1 0 |a Gabon :   |b Request for Purchase Under the Rapid Financing Instrument-Press Release; Staff Report; and Statement by the Executive Director for Gabon. 
264 1 |a Washington, D.C. :  |b International Monetary Fund,  |c 2020. 
300 |a 1 online resource (44 pages) 
490 1 |a IMF Staff Country Reports 
500 |a <strong>Off-Campus Access:</strong> No User ID or Password Required 
500 |a <strong>On-Campus Access:</strong> No User ID or Password Required 
506 |a Electronic access restricted to authorized BRAC University faculty, staff and students 
520 3 |a Since the approval of the first RFI request on April 9, 2020 (IMF Country Report No 20/109), weaker external demand and a more pronounced impact of containment measures have further deteriorated growth prospects and worsened external and fiscal positions. The authorities are requesting a purchase under the Rapid Financing Instrument (RFI) of 50 percent of quota (SDR 108 million) to be used as budget support to help address urgent balance of payment (BoP) needs and mitigate the risk of disorderly fiscal or BoP adjustment. This additional request will bring the total purchases under the RFI to 100 percent of quota in 2020. 
538 |a Mode of access: Internet 
830 0 |a IMF Staff Country Reports; Country Report ;  |v No. 2020/267 
856 4 0 |z Full text available on IMF  |u http://elibrary.imf.org/view/journals/002/2020/267/002.2020.issue-267-en.xml  |z IMF e-Library